[Event "1. Bundesliga 2010/2011"]
[Site "St. Veit/Glan"]
[Date "2011.03.06"]
[Round "11"]
[Board "5"]
[White "Wittmann, Walter"]
[Black "Platzgummer, Fabian"]
[Result "1-0"]
[WhiteElo "2291"]
[BlackElo "2311"]
[PlyCount "77"]
[EventDate "2010.11.19"]
[EventType "team"]
[EventRounds "11"]
[EventCountry "AUT"]
[WhiteTeam "Styria Graz"]
[BlackTeam "Mayrhofen/Zillertal"]

1.e4 e6 2.d4 d5 3.Nd2 Nf6 4.e5 Nfd7 5.Bd3 c5 6.c3 Nc6 7.Ne2 cxd4 8.cxd4 f6
9.exf6 Nxf6 10.Nf3 Bd6 11.O-O Qc7 12.g3 O-O 13.Bf4 Ng4 14.Bxd6 Qxd6 15.Nc3 e5
16.dxe5 Qh6 17.h4 Ncxe5 18.Be2 Be6 19.Ng5 Rad8 20.Nb5 Qf6 21.Nxe6 Qxe6 22.Nd4
Qg6 23.Qb3 Rf6 24.Rad1 Rb6 25.Qc3 Nf6 26.b3 Ne4 27.Qe3 Rf6 28.h5 Qf7 29.f4 Nd7
30.Bg4 Nf8 31.Kg2 Re8 32.Rfe1 a6 33.Nf3 b5 34.Ne5 Rxe5 35.fxe5 Rf2+ 36.Kg1 Ne6
37.Rxd5 Nf8 38.Qxe4 Rxa2 39.Rf1

[Event "1. Bundesliga 2010/2011"]
[Site "St. Veit/Glan"]
[Date "2011.03.06"]
[Round "11"]
[Board "6"]
[White "Tabernig, Bernhard"]
[Black "Manhardt, Thomas"]
[Result "0-1"]
[WhiteElo "2300"]
[BlackElo "2136"]
[PlyCount "64"]
[EventDate "2010.11.19"]
[EventType "team"]
[EventRounds "11"]
[EventCountry "AUT"]
[WhiteTeam "Mayrhofen/Zillertal"]
[BlackTeam "Styria Graz"]

1.d4 f5 2.g3 g6 3.Bg2 Nf6 4.Nh3 Bg7 5.Nf4 O-O 6.c3 c6 7.h4 Qe8 8.Nd2 d5 9.Nf3
Ne4 10.Nd3 Nd7 11.h5 Ndf6 12.hxg6 hxg6 13.Bf4 Ng4 14.Qb3 b6 15.Nfe5 Nxe5 16.Bxe5
Ba6 17.Nf4 e6 18.Bxe4 fxe4 19.Qc2 Bxe5 20.dxe5 Kg7 21.O-O-O Qf7 22.f3 exf3
23.Rdf1 fxe2 24.Nh5+ gxh5 25.Rxf7+ Rxf7 26.Re1 Rf1 27.Qd2 Rxe1+ 28.Qxe1 Rf8
29.Kc2 Rf1 30.Qd2 Kg6 31.g4 e1=Q 32.gxh5+ Kh7

[Event "1. Bundesliga 2010/2011"]
[Site "St. Veit/Glan"]
[Date "2011.03.06"]
[Round "11"]
[Board "4"]
[White "Baumegger, Siegfried"]
[Black "Kreisl, Robert"]
[Result "0-1"]
[WhiteElo "2398"]
[BlackElo "2394"]
[PlyCount "118"]
[EventDate "2010.11.19"]
[EventType "team"]
[EventRounds "11"]
[EventCountry "AUT"]
[WhiteTeam "SK Advisory Invest Baden"]
[BlackTeam "SK MPOE Maria Saal"]

1.c4 c6 2.Nc3 d5 3.e3 Nf6 4.Nf3 e6 5.b3 Bd6 6.d4 Qe7 7.Bd3 Nbd7 8.Qc2 e5 9.cxd5
cxd5 10.dxe5 Nxe5 11.Nb5 Nxd3+ 12.Qxd3 Bb4+ 13.Bd2 Bxd2+ 14.Nxd2 O-O 15.O-O Bd7
16.Nd4 Rfc8 17.a4 Qb4 18.Rfc1 Rxc1+ 19.Rxc1 Rc8 20.Rxc8+ Bxc8 21.Qc2 Bd7 22.f3
h6 23.Kf2 b5 24.axb5 Bxb5 25.Nb1 Bd7 26.Qc3 Qd6 27.g3 Qe5 28.Nd2 Qh5 29.Kg1 Qe5
30.b4 h5 31.N2b3 h4 32.g4 h3 33.Ne2 Nxg4 34.fxg4 Qe4 35.Nf4 Qf3 36.Nd4 Qxg4+
37.Kf2 g5 38.Nfe2 Qg2+ 39.Ke1 Qxh2 40.Nc6 Bg4 41.Ncd4 Qg2 42.Qc6 h2 43.Qe8+ Kg7
44.Qe5+ Kg6 45.Ng3 h1=Q+ 46.Nxh1 Qxh1+ 47.Kf2 Bh3 48.Ke2 Bg4+ 49.Kf2 Bh3 50.Ke2
Qf1+ 51.Kd2 Qf2+ 52.Kc3 Qe1+ 53.Kb3 Qb1+ 54.Ka4 Bd7+ 55.b5 Qa2+ 56.Kb4 Qc4+
57.Ka3 Qc3+ 58.Ka4 Bg4 59.b6 Bd7+

[Event "1. Bundesliga 2010/2011"]
[Site "St. Veit/Glan"]
[Date "2011.03.06"]
[Round "11"]
[Board "5"]
[White "Halvax, Georg"]
[Black "Loeffler, Stefan"]
[Result "0-1"]
[WhiteElo "2272"]
[BlackElo "2409"]
[PlyCount "138"]
[EventDate "2010.11.19"]
[EventType "team"]
[EventRounds "11"]
[EventCountry "AUT"]
[WhiteTeam "SK MPOE Maria Saal"]
[BlackTeam "SK Advisory Invest Baden"]

1.e4 e6 2.d4 d5 3.Nc3 dxe4 4.Nxe4 Qd5 5.Bd3 Nc6 6.Nf3 Nb4 7.O-O Nxd3 8.Qxd3 Be7
9.Bf4 Qa5 10.Ne5 Nf6 11.Ng5 O-O 12.Bd2 Qd5 13.c4 Qd8 14.f4 g6 15.Rae1 Nh5 16.Ne4
f6 17.Nf3 b6 18.Nf2 Ng7 19.Bc3 Bb7 20.Ng4 Kh8 21.Qe2 Qd7 22.d5 Rae8 23.dxe6 Bc5+
24.Nf2 Rxe6 25.Qd2 Rd6 26.Qc1 Bxf3 27.gxf3 Nf5 28.b4 Bd4 29.Bxd4 Rxd4 30.Ne4 Qc6
31.Qa3 Kg7 32.c5 Rfd8 33.Qxa7 Rxb4 34.cxb6 Qxb6+ 35.Qxb6 cxb6 36.Rc1 Rd7 37.Rfd1
Ra7 38.Rd2 Rba4 39.Rc6 Nd4 40.Rc3 Nxf3+ 41.Rxf3 Rxe4 42.Rb2 Raa4 43.Rxb6 Rxf4
44.Rb7+ Kh6 45.Rh3+ Rh4 46.Rxh4+ Rxh4 47.Rb3 Ra4 48.Rh3+ Kg7 49.a3 g5 50.Rb3 h5
51.Kf2 Kg6 52.Kg2 Kf5 53.Rf3+ Ke5 54.Re3+ Re4 55.Rb3 f5 56.Kf2 g4 57.Rc3 Kf4
58.Rb3 Rc4 59.Kg2 Rc2+ 60.Kg1 h4 61.Rb4+ Kg5 62.Rb3 h3 63.a4 Rc1+ 64.Kf2 Rh1
65.Ra3 Rxh2+ 66.Kg1 Rc2 67.a5 Kh4 68.Ra1 h2+ 69.Kh1 Kh3

[Event "1. Bundesliga 2010/2011"]
[Site "St. Veit/Glan"]
[Date "2011.03.06"]
[Round "11"]
[Board "6"]
[White "Lendwai, Reinhard"]
[Black "Horvath, Gabor"]
[Result "1-0"]
[WhiteElo "2369"]
[BlackElo "2306"]
[PlyCount "63"]
[EventDate "2010.11.19"]
[EventType "team"]
[EventRounds "11"]
[EventCountry "AUT"]
[WhiteTeam "SK Advisory Invest Baden"]
[BlackTeam "SK MPOE Maria Saal"]

1.d4 Nf6 2.Bg5 Ne4 3.Bf4 c5 4.f3 Qa5+ 5.c3 Nf6 6.d5 d6 7.e4 b5 8.Nd2 Bd7 9.a3
Qc7 10.b4 e6 11.c4 a6 12.bxc5 Qxc5 13.Nb3 Qb6 14.Qd2 Be7 15.Be3 Qd8 16.Na5 O-O
17.Rc1 Nh5 18.Bd3 exd5 19.cxd5 Qe8 20.Ne2 f5 21.O-O Bf6 22.exf5 Bb2 23.Rce1 Bxa3
24.Nd4 Qe5 25.f4 Qxd5 26.Be2 Qf7 27.Bf3 Ra7 28.Bxh5 Qxh5 29.Qa2+ Qf7 30.Qxa3 Rc7
31.Qxd6 Bc8 32.Ne6

[Event "1. Bundesliga 2010/2011"]
[Site "St. Veit/Glan"]
[Date "2011.03.06"]
[Round "11"]
[Board "1"]
[White "Antoniewski, Rafal"]
[Black "Kurnosov, Igor"]
[Result "1/2-1/2"]
[WhiteElo "2604"]
[BlackElo "2653"]
[PlyCount "59"]
[EventDate "2010.11.19"]
[EventType "team"]
[EventRounds "11"]
[EventCountry "AUT"]
[WhiteTeam "ASVOE Wulkaprodersdorf"]
[BlackTeam "SK Sparkasse Fuerstenfeld"]

1.e4 e5 2.Nf3 Nc6 3.Bb5 Nf6 4.d3 d6 5.O-O Be7 6.Re1 O-O 7.c3 Bd7 8.Ba4 Re8
9.Nbd2 Bf8 10.Nf1 h6 11.Ng3 Ne7 12.Bb3 Ng6 13.d4 c5 14.h3 Qc7 15.a4 a6 16.a5
cxd4 17.cxd4 exd4 18.Nxd4 d5 19.exd5 Rxe1+ 20.Qxe1 Re8 21.Be3 Nf4 22.Qc1 Qxc1+
23.Rxc1 N4xd5 24.Bd2 Bd6 25.Nh5 Be5 26.Nxf6+ Nxf6 27.Be3 Rc8 28.Rxc8+ Bxc8
29.Bc4 Kf8 30.b4

[Event "1. Bundesliga 2010/2011"]
[Site "St. Veit/Glan"]
[Date "2011.03.06"]
[Round "11"]
[Board "2"]
[White "Hera, Imre"]
[Black "Kraemer, Martin"]
[Result "0-1"]
[WhiteElo "2565"]
[BlackElo "2506"]
[PlyCount "126"]
[EventDate "2010.11.19"]
[EventType "team"]
[EventRounds "11"]
[EventCountry "AUT"]
[WhiteTeam "SK Sparkasse Fuerstenfeld"]
[BlackTeam "ASVOE Wulkaprodersdorf"]

1.c4 e6 2.g3 d5 3.Bg2 Nf6 4.Nf3 dxc4 5.Qa4+ Nbd7 6.Qxc4 c5 7.Qc2 b6 8.b3 Bb7
9.Bb2 Bd6 10.O-O Rc8 11.d3 O-O 12.Nbd2 b5 13.Rac1 a6 14.Qb1 Re8 15.Qa1 h6
16.Rfd1 Rc7 17.e4 e5 18.Nf1 Qe7 19.Ne3 g6 20.Nh4 Kh7 21.Rf1 Nh5 22.Bh3 Nf4
23.gxf4 Qxh4 24.Bxd7 Rxd7 25.fxe5 Qg5+ 26.Kh1 Bxe5 27.Bxe5 Rxe5 28.Ng2 Qe7
29.Qc3 Qd6 30.f3 Rh5 31.h4 Qxd3 32.Qxd3 Rxd3 33.Rcd1 Rxd1 34.Rxd1 Kg7 35.Rd7 Bc8
36.Rc7 Bh3 37.Kh2 Bxg2 38.Kxg2 Rxh4 39.Rxc5 Rf4 40.Kg3 g5 41.a4 bxa4 42.bxa4 Rf6
43.a5 Re6 44.Rd5 f6 45.Rd7+ Kg6 46.Ra7 Rc6 47.Ra8 h5 48.Rg8+ Kf7 49.Ra8 Kg7
50.Ra7+ Kg6 51.Ra8 Rc3 52.Kf2 Rc2+ 53.Ke3 Rc6 54.f4 h4 55.f5+ Kh5 56.Kd4 h3
57.Kd5 Rc1 58.e5 fxe5 59.Rh8+ Kg4 60.f6 Rf1 61.Kxe5 Kg3 62.Ke6 h2 63.f7 g4

[Event "1. Bundesliga 2010/2011"]
[Site "St. Veit/Glan"]
[Date "2011.03.06"]
[Round "11"]
[Board "3"]
[White "Polzin, Rainer"]
[Black "Rapport, Richard"]
[Result "1-0"]
[WhiteElo "2494"]
[BlackElo "2540"]
[PlyCount "71"]
[EventDate "2010.11.19"]
[EventType "team"]
[EventRounds "11"]
[EventCountry "AUT"]
[WhiteTeam "ASVOE Wulkaprodersdorf"]
[BlackTeam "SK Sparkasse Fuerstenfeld"]

1.e4 e5 2.Nf3 Nc6 3.Bb5 a6 4.Ba4 Nf6 5.O-O Be7 6.Re1 b5 7.Bb3 d6 8.c3 O-O 9.d4
Bg4 10.Be3 exd4 11.cxd4 Na5 12.Bc2 Nc4 13.Bc1 c5 14.b3 Nb6 15.Nbd2 Nfd7 16.h3
Bh5 17.g4 Bg6 18.d5 Bf6 19.Rb1 Bc3 20.Re3 b4 21.Nf1 c4 22.Bd2 Bxd2 23.Qxd2 Qf6
24.Ng3 Ne5 25.Nxe5 dxe5 26.Qxb4 Nxd5 27.exd5 Bxc2 28.Rbe1 cxb3 29.axb3 Rab8
30.Qd2 Bxb3 31.Rxe5 h6 32.g5 hxg5 33.Nh5 Qh6 34.Rxg5 Kh8 35.Ng3 Kg8 36.Nf5

[Event "1. Bundesliga 2010/2011"]
[Site "St. Veit/Glan"]
[Date "2011.03.06"]
[Round "11"]
[Board "4"]
[White "Schenk, Andreas"]
[Black "Schneider, Ilja"]
[Result "1/2-1/2"]
[WhiteElo "2511"]
[BlackElo "2511"]
[PlyCount "84"]
[EventDate "2010.11.19"]
[EventType "team"]
[EventRounds "11"]
[EventCountry "AUT"]
[WhiteTeam "SK Sparkasse Fuerstenfeld"]
[BlackTeam "ASVOE Wulkaprodersdorf"]

1.d4 d5 2.c4 c6 3.Nf3 Nf6 4.e3 Bf5 5.Nc3 e6 6.Nh4 Be4 7.f3 Bg6 8.Qb3 Qc7 9.Bd2
Be7 10.Nxg6 hxg6 11.g3 Nbd7 12.cxd5 Nxd5 13.O-O-O Qb6 14.Nxd5 Qxb3 15.axb3 exd5
16.Bg2 O-O-O 17.Kc2 Rh7 18.h3 f5 19.Kd3 g5 20.g4 g6 21.Ra1 a6 22.Raf1 Bd6 23.b4
Bg3 24.Rd1 Kc7 25.Bf1 Bd6 26.Rg1 f4 27.e4 dxe4+ 28.fxe4 Ne5+ 29.Ke2 Nc4 30.Bc3
Ne3 31.Rd3 Nc2 32.Rd2 Ne3 33.Rd3 Nc2 34.Rd2 Nxb4 35.Bg2 Na2 36.e5 Be7 37.Ba5+ b6
38.Ra1 bxa5 39.Rxa2 Bb4 40.Rc2 Rxd4 41.Rxc6+ Kb8 42.b3 Re7

[Event "1. Bundesliga 2010/2011"]
[Site "St. Veit/Glan"]
[Date "2011.03.06"]
[Round "11"]
[Board "5"]
[White "Thiede, Lars"]
[Black "Pinter, Jozsef"]
[Result "0-1"]
[WhiteElo "2445"]
[BlackElo "2521"]
[PlyCount "68"]
[EventDate "2010.11.19"]
[EventType "team"]
[EventRounds "11"]
[EventCountry "AUT"]
[WhiteTeam "ASVOE Wulkaprodersdorf"]
[BlackTeam "SK Sparkasse Fuerstenfeld"]

1.c4 Nf6 2.g3 c6 3.Nf3 d5 4.Bg2 dxc4 5.O-O Nbd7 6.Na3 Nb6 7.Qc2 Qd5 8.Ne1 Qf5
9.e4 Qh5 10.Nxc4 Nxc4 11.Qxc4 e5 12.d4 Be6 13.d5 Bd7 14.Nd3 cxd5 15.exd5 Bd6
16.Nc5 b5 17.Qc2 Rc8 18.b4 O-O 19.Qd1 Bg4 20.f3 Bh3 21.Bxh3 Qxh3 22.Be3 e4
23.Qd2 Rfe8 24.Bd4 e3 25.Bxe3 Bxg3 26.Bg5 Be5 27.Bxf6 gxf6 28.Rad1 Kh8 29.Kh1
Rg8 30.Qe2 Rce8 31.Qf2 Bg3 32.Qb2 Re5 33.f4 Bxh2 34.Qxh2 Qxh2+

[Event "1. Bundesliga 2010/2011"]
[Site "St. Veit/Glan"]
[Date "2011.03.06"]
[Round "11"]
[Board "6"]
[White "Kuba, Guenter"]
[Black "Volkmann, Friedrich Karl"]
[Result "1/2-1/2"]
[WhiteElo "2389"]
[BlackElo "2409"]
[PlyCount "32"]
[EventDate "2010.11.19"]
[EventType "team"]
[EventRounds "11"]
[EventCountry "AUT"]
[WhiteTeam "SK Sparkasse Fuerstenfeld"]
[BlackTeam "ASVOE Wulkaprodersdorf"]

1.e4 e5 2.Nf3 Nf6 3.Nxe5 Nxe4 4.Qe2 Qe7 5.Qxe4 d6 6.d4 dxe5 7.dxe5 Nc6 8.Bb5 Bd7
9.Nc3 O-O-O 10.O-O Nxe5 11.Be3 Bxb5 12.Nxb5 a6 13.Nc3 Nc6 14.Qc4 Ne5 15.Qe4 Nc6
16.Qc4 Ne5

[Event "1. Bundesliga 2010/2011"]
[Site "St. Veit/Glan"]
[Date "2011.03.06"]
[Round "11"]
[Board "1"]
[White "Bosiocic, Marin"]
[Black "Baramidze, David"]
[Result "1/2-1/2"]
[WhiteElo "2561"]
[BlackElo "2554"]
[PlyCount "59"]
[EventDate "2010.11.19"]
[EventType "team"]
[EventRounds "11"]
[EventCountry "AUT"]
[WhiteTeam "ASVOE Signum Siebdruck St.Veit"]
[BlackTeam "SK Hohenems"]

1.d4 d5 2.c4 c6 3.cxd5 cxd5 4.Nc3 Nf6 5.Bf4 Nc6 6.e3 a6 7.Bd3 e6 8.h3 Be7 9.Nf3
O-O 10.O-O b5 11.Rc1 Bb7 12.a4 b4 13.Nb1 Qb6 14.Nbd2 Rfc8 15.Nb3 Na5 16.Nfd2
Rxc1 17.Qxc1 Rc8 18.Qa1 Ne4 19.Rc1 Nxd2 20.Nxd2 Rc6 21.b3 h6 22.Qb2 Rxc1+
23.Qxc1 Qc6 24.Qxc6 Nxc6 25.Bc7 Kf8 26.Nf3 Bd8 27.Bd6+ Be7 28.Bc7 Bd8 29.Bd6+
Be7 30.Bc7

[Event "1. Bundesliga 2010/2011"]
[Site "St. Veit/Glan"]
[Date "2011.03.06"]
[Round "11"]
[Board "2"]
[White "Braun, Arik"]
[Black "Ribli, Zoltan"]
[Result "1-0"]
[WhiteElo "2542"]
[BlackElo "2577"]
[PlyCount "81"]
[EventDate "2010.11.19"]
[EventType "team"]
[EventRounds "11"]
[EventCountry "AUT"]
[WhiteTeam "SK Hohenems"]
[BlackTeam "ASVOE Signum Siebdruck St.Veit"]

1.d4 d5 2.c4 c6 3.Nf3 Nf6 4.e3 Bf5 5.Nc3 e6 6.Nh4 Bg6 7.Nxg6 hxg6 8.a3 Nbd7 9.g3
Be7 10.b4 O-O 11.Bb2 dxc4 12.Bxc4 a5 13.b5 e5 14.bxc6 bxc6 15.dxe5 Nxe5 16.Be2
Qc8 17.O-O Qh3 18.f3 Bc5 19.Qc1 Rfe8 20.Nd1 Ba7 21.Nf2 Qe6 22.e4 Rad8 23.Kg2
Bxf2 24.Rxf2 Nd3 25.Bxd3 Rxd3 26.Qc5 Rb8 27.Rc1 Rxf3 28.Rxf3 Rxb2+ 29.Kg1 Qh3
30.Rc2 Rb1+ 31.Rc1 Ng4 32.Rxb1 Qxh2+ 33.Kf1 Qh1+ 34.Ke2 Qg2+ 35.Kd1 Qxf3+ 36.Kc1
Qxe4 37.Qxa5 Ne5 38.Qd8+ Kh7 39.Qh4+ Qxh4 40.gxh4 Nc4 41.a4

[Event "1. Bundesliga 2010/2011"]
[Site "St. Veit/Glan"]
[Date "2011.03.06"]
[Round "11"]
[Board "3"]
[White "Rogic, Davor"]
[Black "Bezold, Michael"]
[Result "1/2-1/2"]
[WhiteElo "2602"]
[BlackElo "2525"]
[PlyCount "68"]
[EventDate "2010.11.19"]
[EventType "team"]
[EventRounds "11"]
[EventCountry "AUT"]
[WhiteTeam "ASVOE Signum Siebdruck St.Veit"]
[BlackTeam "SK Hohenems"]

1.e4 d6 2.Nc3 Nf6 3.g3 c5 4.Bg2 Nc6 5.Nge2 g6 6.d4 cxd4 7.Nxd4 Bd7 8.O-O Bg7
9.Nde2 O-O 10.h3 Rc8 11.Bg5 Ne5 12.Kh2 h6 13.Bc1 b5 14.a3 Qc7 15.f4 Nc4 16.b3
Nb6 17.Bb2 a6 18.Qd3 Bc6 19.Rad1 Nbd7 20.Nd4 Bb7 21.Rd2 Qb8 22.Re1 e5 23.fxe5
Nxe5 24.Qf1 Rfe8 25.a4 bxa4 26.Nxa4 d5 27.exd5 Bxd5 28.Rde2 h5 29.Bxd5 Nxd5
30.Nf3 Nxf3+ 31.Qxf3 Bxb2 32.Rxe8+ Rxe8 33.Rxe8+ Qxe8 34.Nxb2 Ne3

[Event "1. Bundesliga 2010/2011"]
[Site "St. Veit/Glan"]
[Date "2011.03.06"]
[Round "11"]
[Board "4"]
[White "Atlas, Valery"]
[Black "Mazi, Leon"]
[Result "0-1"]
[WhiteElo "2428"]
[BlackElo "2368"]
[PlyCount "92"]
[EventDate "2010.11.19"]
[EventType "team"]
[EventRounds "11"]
[EventCountry "AUT"]
[WhiteTeam "SK Hohenems"]
[BlackTeam "ASVOE Signum Siebdruck St.Veit"]

1.e4 c5 2.Nf3 d6 3.d4 cxd4 4.Nxd4 Nf6 5.Nc3 a6 6.g3 e6 7.Bg2 Be7 8.O-O O-O 9.a4
Qc7 10.Be3 Nc6 11.Nxc6 bxc6 12.a5 Bb7 13.Bb6 Qc8 14.Na4 c5 15.Qe2 Nd7 16.Rfb1
Re8 17.b4 cxb4 18.Rxb4 d5 19.Rbb1 Bf6 20.Ra2 Qc6 21.Re1 d4 22.h4 e5 23.Bh3 Be7
24.Qd3 Nf6 25.f3 Bc8 26.Bxc8 Rexc8 27.Re2 Qe6 28.c3 Nh5 29.f4 exf4 30.Bxd4 Rc6
31.Nb6 Rd8 32.Nd5 fxg3 33.Rab2 Bxh4 34.Rb6 Qc8 35.Qf3 g6 36.Reb2 Qe6 37.c4 Rdc8
38.c5 Bd8 39.Nb4 Bxb6 40.axb6 Rxc5 41.Bxc5 Rxc5 42.Nd5 Qe5 43.Rb1 Rc8 44.Qe3 Rb8
45.Rf1 Qb2 46.Ne7+ Kf8

[Event "1. Bundesliga 2010/2011"]
[Site "St. Veit/Glan"]
[Date "2011.03.06"]
[Round "11"]
[Board "5"]
[White "Hebesberger, Thomas"]
[Black "Froewis, Georg"]
[Result "1-0"]
[WhiteElo "2336"]
[BlackElo "2284"]
[PlyCount "67"]
[EventDate "2010.11.19"]
[EventType "team"]
[EventRounds "11"]
[EventCountry "AUT"]
[WhiteTeam "ASVOE Signum Siebdruck St.Veit"]
[BlackTeam "SK Hohenems"]

1.Nf3 d5 2.c4 e6 3.b3 Nf6 4.Bb2 c6 5.d4 Nbd7 6.e3 b6 7.Bd3 Bb7 8.Nc3 Bd6 9.O-O
O-O 10.e4 dxe4 11.Nxe4 Nxe4 12.Bxe4 Qe7 13.Ne5 f5 14.Bxc6 Nxe5 15.Bxb7 Ng4 16.h3
Qxb7 17.hxg4 Qe7 18.f4 Rae8 19.g5 Ba3 20.Bxa3 Qxa3 21.Qe2 Qd6 22.Qe5 Rd8 23.Rad1
Rf7 24.Rfe1 Rfd7 25.Qxe6+ Qxe6 26.Rxe6 Rxd4 27.Rxd4 Rxd4 28.Re7 a5 29.Re6 Rxf4
30.Rxb6 Kf7 31.Ra6 Rd4 32.c5 Rd2 33.Rxa5 Kg6 34.Ra4

[Event "1. Bundesliga 2010/2011"]
[Site "St. Veit/Glan"]
[Date "2011.03.06"]
[Round "11"]
[Board "6"]
[White "Amann, Guenter"]
[Black "Kuess, Mario"]
[Result "1/2-1/2"]
[WhiteElo "2348"]
[BlackElo "2103"]
[PlyCount "85"]
[EventDate "2010.11.19"]
[EventType "team"]
[EventRounds "11"]
[EventCountry "AUT"]
[WhiteTeam "SK Hohenems"]
[BlackTeam "ASVOE Signum Siebdruck St.Veit"]

1.d4 Nf6 2.Nf3 g6 3.c4 Bg7 4.g3 d6 5.Bg2 O-O 6.Nc3 Nbd7 7.O-O c6 8.e4 e5 9.h3 h6
10.Be3 Ne8 11.dxe5 dxe5 12.Bc5 Qc7 13.Bxf8 Nxf8 14.Qa4 Qe7 15.b4 Ne6 16.Rad1 Nd4
17.Nxd4 exd4 18.Ne2 Nd6 19.Nxd4 Nxc4 20.Qb3 c5 21.bxc5 Qxc5 22.Ne2 Be6 23.Qxb7
Nb6 24.Rc1 Qa3 25.Nf4 Bxa2 26.Nd5 Bd4 27.Nc7 Rd8 28.Nb5 Bxf2+ 29.Kh1 Qxg3 30.Rc3
Be3 31.Qc7 Qxc7 32.Rxc7 Bc4 33.Re1 Bf2 34.Rb1 Bg3 35.Rxa7 Bxb5 36.Rb7 Bc4
37.R7xb6 Be6 38.Bf1 Rd2 39.R6b2 Rd4 40.Rb4 Rd2 41.R1b2 Rd1 42.Rb1 Rd2 43.R4b2